[Event "Le Touquet op 22nd"]
[Site "Le Touquet"]
[Date "2007.10.31"]
[Round "6"]
[White "Weemaes, Ronald"]
[Black "Kieffer, Christian"]
[Result "1/2-1/2"]
[WhiteElo "2330"]
[BlackElo "2161"]
[PlyCount "84"]
[EventDate "2007.10.27"]
[EventType "swiss"]
[EventRounds "9"]
[EventCountry "FRA"]
[SourceTitle "EXT 2008"]
[Source "ChessBase"]
[SourceDate "2007.11.25"]
[SourceVersion "1"]
[SourceVersionDate "2007.11.25"]
[SourceQuality "1"]

1. e4 c5 2. c3 d6 3. d4 Nf6 4. dxc5 Nc6 5. f3 d5 6. exd5 Qxd5 7. Qxd5 Nxd5 8. Bc4 e6 9. Na3 Bxc5 10. Nc2 0-0 11. Bd2 Ne5 12. Be2 Ng6 13. 0-0-0 e5 14. Bc4 Nb6 15. Bb3 a5 16. Be3 Bxe3+ 17. Nxe3 a4 18. Bc2 Be6 19. Kb1 Nf4 20. Rd6 Nfd5 21. Nxd5 Nxd5 22. Nh3 a3 23. Ng5 axb2 24. Nxe6 fxe6 25. Kxb2 Ne3 26. Bb3 Nxg2 27. Rxe6 Kh8 28. Rxe5 Rxf3 29. Re7 Nf4 30. Rg1 Rf2+ 31. Ka1 Ng6 32. Rxb7 Rxh2 33. Kb1 Rf2 34. a4 Rf6 35. Bc2 Kg8 36. Kb2 Kf8 37. Bxg6 hxg6 38. Rg4 Rf2+ 39. Kb3 Rf1 40. Rb5 Rb1+ 41. Kc2 Rxa4 42. Rxa4 Rxb5 1/2-1/2

[Event "Le Touquet op 22nd"]
[Site "Le Touquet"]
[Date "2007.10.29"]
[Round "4"]
[White "Weemaes, Ronald"]
[Black "Saligo, Luc"]
[Result "1/2-1/2"]
[WhiteElo "2330"]
[BlackElo "2115"]
[PlyCount "53"]
[EventDate "2007.10.27"]
[EventType "swiss"]
[EventRounds "9"]
[EventCountry "FRA"]
[SourceTitle "EXT 2008"]
[Source "ChessBase"]
[SourceDate "2007.11.25"]
[SourceVersion "1"]
[SourceVersionDate "2007.11.25"]
[SourceQuality "1"]

1. d4 Nf6 2. Nf3 d5 3. g3 c6 4. Bg2 Bf5 5. 0-0 e6 6. c4 h6 7. Nc3 Nbd7 8. Qb3 Qb6 9. c5 Qa6 10. Re1 b6 11. cxb6 Qxb6 12. Qd1 Be7 13. Na4 Qb7 14. b3 0-0 15. Bb2 Ne4 16. Nd2 Ndf6 17. Nxe4 Bxe4 18. f3 Bg6 19. Nc5 Bxc5 20. dxc5 Nd7 21. Qd2 a5 22. e4 Qb5 23. Rac1 Rfe8 24. Bf1 Qb7 25. exd5 exd5 26. Bh3 f6 27. Bxd7 1/2-1/2

[Event "BEL-chT 0506"]
[Site "Belgium"]
[Date "2006.01.21"]
[Round "7"]
[White "Weemaes, Ronald"]
[Black "Docx, Stefan"]
[Result "0-1"]
[WhiteElo "2316"]
[BlackElo "2321"]
[PlyCount "50"]
[EventDate "2005.10.09"]
[EventType "team-tourn"]
[EventRounds "11"]
[EventCountry "BEL"]
[SourceTitle "EXT 2007"]
[Source "ChessBase"]
[SourceDate "2006.11.23"]
[SourceVersion "1"]
[SourceVersionDate "2006.11.23"]
[SourceQuality "1"]
[WhiteTeam "Deurne"]
[BlackTeam "Boey Temse"]
[WhiteTeamCountry "BEL"]
[BlackTeamCountry "BEL"]

1. a3 g6 2. g3 Bg7 3. Bg2 Nf6 4. d3 d5 5. Nf3 0-0 6. 0-0 b6 7. c4 Bb7 8. cxd5 Nxd5 9. Qc2 c5 10. Nc3 Nc6 11. Bd2 Nc7 12. Qa4 Ne6 13. Ng5 Nxg5 14. Bxg5 Qd7 15. Rac1 Rfd8 16. Qh4 Nd4 17. Bxb7 Qxb7 18. Qh3 b5 19. Qg2 Qd7 20. Rfe1 Rac8 21. Be3 Nf5 22. Bd2 c4 23. Red1 cxd3 24. exd3 a5 25. g4 Nd4 0-1

[Event "BEL-chT2 0405"]
[Site "Belgium"]
[Date "2005.03.20"]
[Round "11"]
[White "Weemaes, Ronald"]
[Black "Bouhallel, Rabah"]
[Result "1/2-1/2"]
[WhiteElo "2308"]
[BlackElo "2337"]
[PlyCount "34"]
[EventDate "2004.10.10"]
[EventType "team-swiss"]
[EventRounds "11"]
[EventCountry "BEL"]
[SourceTitle "EXT 2006"]
[Source "ChessBase"]
[SourceDate "2005.11.24"]
[SourceVersion "1"]
[SourceVersionDate "2005.11.24"]
[SourceQuality "1"]
[WhiteTeam "Deurne"]
[BlackTeam "ZWS"]
[WhiteTeamCountry "BEL"]
[BlackTeamCountry "BEL"]

1. e4 e6 2. d4 d5 3. exd5 exd5 4. Bd3 Nc6 5. c3 Bd6 6. Qf3 Nf6 7. h3 0-0 8. Ne2 Re8 9. Bf4 Bxf4 10. Qxf4 Nh5 11. Qf3 Qg5 12. Kd1 Ne7 13. h4 Qg4 14. Nd2 Nf6 15. Nf4 Qxf3+ 16. Nxf3 Bg4 17. Kd2 Bf5 1/2-1/2

[Event "Le Touquet op 19th"]
[Site "Le Touquet"]
[Date "2004.10.30"]
[Round "8"]
[White "Okhotnik, Vladimir"]
[Black "Weemaes, Ronald"]
[Result "0-1"]
[WhiteElo "2426"]
[BlackElo "2300"]
[PlyCount "69"]
[EventDate "2004.10.25"]
[EventType "swiss"]
[EventRounds "9"]
[EventCountry "FRA"]
[SourceTitle "EXT 2005"]
[Source "ChessBase"]
[SourceDate "2004.11.15"]
[SourceVersion "1"]
[SourceVersionDate "2004.11.15"]
[SourceQuality "1"]

1. Nf3 g6 2. e4 c5 3. c3 Bg7 4. d4 cxd4 5. cxd4 d6 6. h3 Nf6 7. Nc3 0-0 8. Be3 a6 9. a4 b6 10. d5 Nbd7 11. Bd3 Nc5 12. Bc2 a5 13. 0-0 Bb7 14. Qd2 Kh8 15. Rfe1 Nfd7 16. Ra3 Rg8 17. Ng5 Qf8 18. f4 h6 19. Nf3 Rd8 20. e5 dxe5 21. fxe5 e6 22. Bd4 Nb8 23. d6 Bxf3 24. gxf3 Nc6 25. Nb5 Nxd4 26. Qxd4 f6 27. f4 g5 28. Rc3 gxf4 29. Rxc5 bxc5 30. Qd3 f5 31. Kf2 Bxe5 32. Rxe5 Qg7 33. Qc3 Qg1+ 34. Ke2 Rg2+ 35. Kd3 0-1

[Event "Le Touquet op 19th"]
[Site "Le Touquet"]
[Date "2004.10.25"]
[Round "1"]
[White "Burg, Twan"]
[Black "Weemaes, Ronald"]
[Result "0-1"]
[WhiteElo "2071"]
[BlackElo "2300"]
[PlyCount "74"]
[EventDate "2004.10.25"]
[EventType "swiss"]
[EventRounds "9"]
[EventCountry "FRA"]
[SourceTitle "EXT 2005"]
[Source "ChessBase"]
[SourceDate "2004.11.15"]
[SourceVersion "1"]
[SourceVersionDate "2004.11.15"]
[SourceQuality "1"]

1. e4 c5 2. Nf3 Nc6 3. d4 cxd4 4. Nxd4 Nf6 5. Nc3 e5 6. Ndb5 a6 7. Nd6+ Bxd6 8. Qxd6 Qe7 9. Qxe7+ Nxe7 10. Bc4 b5 11. Nd5 Nexd5 12. Bxd5 Nxd5 13. exd5 Bb7 14. 0-0 Bxd5 15. Re1 f6 16. f4 0-0 17. fxe5 fxe5 18. Rxe5 Rae8 19. Bf4 Rxe5 20. Bxe5 Re8 21. Re1 Bxa2 22. Bc3 Be6 23. Bd4 Rc8 24. c3 a5 25. Re5 Rb8 26. Rg5 g6 27. Rc5 Kf7 28. Be5 Rb7 29. Rc8 Bf5 30. Bc7 d6 31. Rh8 Kg7 32. Rb8 Rxc7 33. Rxb5 Rc5 34. Rb7+ Kf6 35. Rxh7 Rb5 36. Ra7 Rxb2 37. Rxa5 Be4 0-1

[Event "BEL-chT2 0405"]
[Site "Belgium"]
[Date "2004.10.24"]
[Round "2"]
[White "Weemaes, Ronald"]
[Black "Jiroveanu, George"]
[Result "1/2-1/2"]
[WhiteElo "2308"]
[BlackElo "2246"]
[PlyCount "20"]
[EventDate "2004.10.10"]
[EventType "team-swiss"]
[EventRounds "11"]
[EventCountry "BEL"]
[SourceTitle "EXT 2006"]
[Source "ChessBase"]
[SourceDate "2005.11.24"]
[SourceVersion "1"]
[SourceVersionDate "2005.11.24"]
[SourceQuality "1"]
[WhiteTeam "Deurne"]
[BlackTeam "KGSRL II"]
[WhiteTeamCountry "BEL"]
[BlackTeamCountry "BEL"]

1. e4 Nf6 2. Nc3 d5 3. exd5 Nxd5 4. Bc4 Nb6 5. Bb3 Bf5 6. Nf3 e6 7. d4 Be7 8. 0-0 0-0 9. Qe2 Nc6 10. Rd1 Na5 1/2-1/2

[Event "BEL-chT2 0304"]
[Site "Belgium"]
[Date "2004.01.25"]
[Round "2"]
[White "Kohlweyer, Bernd"]
[Black "Weemaes, Ronald"]
[Result "0-1"]
[WhiteElo "2406"]
[BlackElo "2314"]
[PlyCount "86"]
[EventDate "2003.12.01"]
[EventType "team-tourn"]
[EventRounds "11"]
[EventCountry "BEL"]
[SourceTitle "EXT 2005"]
[Source "ChessBase"]
[SourceDate "2004.11.15"]
[SourceVersion "1"]
[SourceVersionDate "2004.11.15"]
[SourceQuality "1"]
[WhiteTeam "Jean Jaures"]
[BlackTeam "Deurne"]
[WhiteTeamCountry "BEL"]
[BlackTeamCountry "BEL"]

1. d4 Nf6 2. c4 c5 3. d5 b5 4. Nf3 e6 5. dxe6 fxe6 6. cxb5 d5 7. g3 Bd6 8. Bg2 a6 9. bxa6 Nxa6 10. 0-0 Nb4 11. Nc3 e5 12. Bg5 e4 13. Nd2 Be5 14. Nb3 c4 15. Nd4 Ra6 16. a3 Nc6 17. Bxf6 gxf6 18. Nxc6 Rxc6 19. e3 Be6 20. Qh5+ Bf7 21. Qe2 0-0 22. Rfd1 Qa5 23. Nxe4 dxe4 24. Bxe4 Rc7 25. f4 f5 26. Bxf5 Bxb2 27. Qg4+ Bg7 28. e4 Qc5+ 29. Kg2 Rc6 30. Rac1 Qxa3 31. Qf3 Qxf3+ 32. Kxf3 Bb2 33. Rc2 c3 34. Rb1 Rb8 35. e5 Ba2 36. Rd1 Bb3 37. Rd7 Bxc2 38. Bxc2 Ba3 39. Ke2 Rcc8 40. e6 Rd8 41. Bxh7+ Kh8 42. Rxd8+ Rxd8 43. Bd3 Kg7 0-1

[Event "BEL-chT2 0304"]
[Site "Belgium"]
[Date "2003.12.08"]
[Round "4"]
[White "Verlinden, Dirk"]
[Black "Weemaes, Ronald"]
[Result "0-1"]
[WhiteElo "2106"]
[BlackElo "2314"]
[PlyCount "118"]
[EventDate "2003.12.01"]
[EventType "team-tourn"]
[EventRounds "11"]
[EventCountry "BEL"]
[SourceTitle "EXT 2005"]
[Source "ChessBase"]
[SourceDate "2004.11.15"]
[SourceVersion "1"]
[SourceVersionDate "2004.11.15"]
[SourceQuality "1"]
[WhiteTeam "Aalst"]
[BlackTeam "Deurne"]
[WhiteTeamCountry "BEL"]
[BlackTeamCountry "BEL"]

1. d4 Nf6 2. Nf3 d6 3. g3 g6 4. Bg2 Bg7 5. 0-0 0-0 6. c4 c6 7. Nc3 Qa5 8. Bd2 Qc7 9. e4 e5 10. d5 Na6 11. Rc1 Nc5 12. Qe2 a5 13. Ne1 Re8 14. Nd3 cxd5 15. cxd5 b6 16. b4 Nxd3 17. Qxd3 axb4 18. Nb5 Qd7 19. Rc7 Qd8 20. Qc4 Ba6 21. Rc1 Nd7 22. Bxb4 Nc5 23. Rc6 Bf8 24. Bxc5 bxc5 25. Bf1 Bxb5 26. Qxb5 Rxa2 27. Ra6 Rxa6 28. Qxa6 Qa8 29. Ra1 Qxa6 30. Rxa6 Rb8 31. Ra4 Kg7 32. Rc4 Kf6 33. Rc2 Rb4 34. Bc4 Rb1+ 35. Kg2 Bh6 36. Be2 Rb4 37. Bc4 Ke7 38. Kf3 f5 39. Bd3 Rd4 40. Ke2 fxe4 41. Bc4 Kf6 42. h3 Ke7 43. Ba2 Kd7 44. Ke1 Ra4 45. Bc4 Rb4 46. Ke2 Kc7 47. f3 exf3+ 48. Kxf3 Ra4 49. Ke4 Bd2 50. g4 Bg5 51. Rc3 Kd8 52. Kf3 Bd2 53. Rc2 Ra3+ 54. Ke2 Bf4 55. Ra2 Rxh3 56. Ra7 Ke8 57. Bb5+ Kf8 58. Bd7 c4 59. Be6 Rh2+ 0-1

[Event "Le Touquet op 18th"]
[Site "Le Touquet"]
[Date "2003.10.26"]
[Round "1"]
[White "Weemaes, Ronald"]
[Black "Oger, Claude"]
[Result "1-0"]
[WhiteElo "2291"]
[BlackElo "2058"]
[PlyCount "53"]
[EventDate "2003.10.26"]
[EventType "swiss"]
[EventRounds "9"]
[EventCountry "FRA"]
[SourceTitle "EXT 2004"]
[Source "ChessBase"]
[SourceDate "2003.11.25"]
[SourceVersion "1"]
[SourceVersionDate "2003.11.25"]
[SourceQuality "1"]

1. e4 c5 2. c3 d5 3. exd5 Qxd5 4. d4 cxd4 5. cxd4 Nc6 6. Nf3 e6 7. Nc3 Qd8 8. Be2 Nf6 9. 0-0 Be7 10. Be3 0-0 11. a3 Nd5 12. Rc1 Bd7 13. Nxd5 exd5 14. Qb3 Bc8 15. Bf4 Bg4 16. Rfd1 Qd7 17. h3 Be6 18. Bb5 Bd6 19. Bxd6 Qxd6 20. Bxc6 bxc6 21. Rc5 Rab8 22. Qc3 Rb6 23. Ne5 Bd7 24. Rc1 Rc8 25. b4 a6 26. Ra5 f6 27. Qc5 1-0

[Event "BEL-chT2 0203"]
[Site "Belgium"]
[Date "2003.01.20"]
[Round "7"]
[White "Bouhallel, Rabah"]
[Black "Weemaes, Ronald"]
[Result "1/2-1/2"]
[WhiteElo "2346"]
[BlackElo "2304"]
[PlyCount "40"]
[EventDate "2002.10.01"]
[EventType "team"]
[EventRounds "11"]
[EventCountry "BEL"]
[SourceTitle "EXT 2004"]
[Source "ChessBase"]
[SourceDate "2003.11.25"]
[SourceVersion "1"]
[SourceVersionDate "2003.11.25"]
[SourceQuality "1"]

1. e3 e5 2. c4 Nf6 3. a3 d5 4. cxd5 Nxd5 5. Nf3 Bd6 6. Qc2 0-0 7. d3 Re8 8. Nbd2 Bf8 9. Be2 a5 10. b3 a4 11. b4 c5 12. bxc5 Na6 13. Bb2 Nxc5 14. 0-0 Bg4 15. h3 Bf5 16. Rfd1 Rc8 17. Qb1 f6 18. Bf1 Bg6 19. Nh4 Bf7 20. Nhf3 Bg6 1/2-1/2

[Event "BEL-chT2 0102"]
[Site "Belgium"]
[Date "2002.03.10"]
[Round "11"]
[White "Weemaes, Ronald"]
[Black "Lecluyse, Dominique"]
[Result "1-0"]
[WhiteElo "2290"]
[BlackElo "2198"]
[PlyCount "87"]
[EventDate "2001.10.01"]
[EventType "team"]
[EventRounds "11"]
[EventCountry "BEL"]
[SourceTitle "EXT 2003"]
[Source "ChessBase"]
[SourceDate "2002.11.25"]
[SourceVersion "1"]
[SourceVersionDate "2002.11.25"]
[SourceQuality "1"]

1. e4 e6 2. d4 d5 3. exd5 exd5 4. Bd3 Bd6 5. Qf3 Ne7 6. Ne2 Nbc6 7. c3 Be6 8. Bf4 Bxf4 9. Qxf4 Qd7 10. Nd2 Bf5 11. Bxf5 Nxf5 12. g4 Nfe7 13. 0-0-0 Ng6 14. Qg5 h6 15. Qe3+ Qe7 16. Ng3 Qxe3 17. fxe3 0-0 18. e4 dxe4 19. Rde1 Nce7 20. Rhf1 e3 21. Nc4 Nd5 22. Nxe3 Nxe3 23. Rxe3 Rae8 24. Rfe1 Rxe3 25. Rxe3 f6 26. Nf5 Rf7 27. Re8+ Rf8 28. Re4 Rf7 29. h4 Kf8 30. h5 Ne7 31. Kd2 Nxf5 32. gxf5 Rd7 33. c4 c6 34. Kd3 Kf7 35. Re6 Rc7 36. b4 a6 37. a4 Rd7 38. a5 Kf8 39. Ke4 Kf7 40. d5 cxd5+ 41. cxd5 Rc7 42. Kd4 Rc1 43. Rb6 Rc7 44. d6 1-0

[Event "BEL-chT 0001"]
[Site "Belgium"]
[Date "2000.11.17"]
[Round "3"]
[White "Luminet, Denis"]
[Black "Weemaes, Ronald"]
[Result "1/2-1/2"]
[WhiteElo "2280"]
[BlackElo "2295"]
[PlyCount "24"]
[EventDate "2000.11.18"]
[EventType "team"]
[EventRounds "13"]
[EventCountry "BEL"]
[SourceTitle "CBM 081 Extra"]
[Source "ChessBase"]
[SourceDate "2001.05.06"]
[SourceVersion "1"]
[SourceVersionDate "2001.05.06"]
[SourceQuality "1"]

1. d4 Nf6 2. Nf3 c5 3. c3 b6 4. Bf4 e6 5. e3 Be7 6. Nbd2 Bb7 7. h3 0-0 8. Bd3 d6 9. 0-0 Nc6 10. Qe2 Rc8 11. a4 Qc7 12. Bb5 Nb8 1/2-1/2

[Event "BEL-chT 0001"]
[Site "Belgium"]
[Date "2000.10.15"]
[Round "1"]
[White "Groffen, Hans"]
[Black "Weemaes, Ronald"]
[Result "0-1"]
[WhiteElo "2224"]
[BlackElo "2295"]
[PlyCount "80"]
[EventDate "2000.11.18"]
[EventType "team"]
[EventRounds "13"]
[EventCountry "BEL"]
[SourceTitle "CBM 081 Extra"]
[Source "ChessBase"]
[SourceDate "2001.05.06"]
[SourceVersion "1"]
[SourceVersionDate "2001.05.06"]
[SourceQuality "1"]

1. d4 Nf6 2. Bg5 c5 3. Bxf6 gxf6 4. d5 d6 5. e4 Qb6 6. Nd2 f5 7. Nc4 Qc7 8. exf5 Bxf5 9. Ne3 Bc8 10. a4 Nd7 11. Bd3 Nf6 12. Ne2 Bh6 13. Bb5+ Kf8 14. Ng3 Bxe3 15. fxe3 a6 16. Be2 Qb6 17. 0-0 Qxb2 18. c4 Qe5 19. Qb3 h5 20. Bf3 h4 21. Ne2 h3 22. g3 Bg4 23. Rae1 b5 24. cxb5 axb5 25. axb5 Bxf3 26. Rxf3 Qxd5 27. Qxd5 Nxd5 28. e4 Nb4 29. Nf4 Kg7 30. e5 Nc2 31. Rb1 dxe5 32. Nd5 Nd4 33. Rf2 e6 34. Nc7 Ra4 35. Rc1 e4 36. Rxc5 Nf3+ 37. Rxf3 exf3 38. Kf2 Ra2+ 39. Kxf3 Rxh2 40. b6 Rb2 0-1

[Event "Avoine op 15th"]
[Site "Avoine"]
[Date "2000.07.24"]
[Round "3"]
[White "Ishii, Ichiro"]
[Black "Weemaes, Ronald"]
[Result "0-1"]
[WhiteElo "2056"]
[BlackElo "2295"]
[PlyCount "56"]
[EventDate "2000.07.03"]
[EventType "swiss"]
[EventRounds "9"]
[EventCountry "FRA"]
[SourceTitle "EXT 2001"]
[Source "ChessBase"]
[SourceDate "2000.11.22"]
[SourceVersion "1"]
[SourceVersionDate "2000.11.22"]
[SourceQuality "1"]

1. d4 Nf6 2. Bg5 c5 3. Bxf6 gxf6 4. d5 b5 5. e4 Qa5+ 6. c3 d6 7. Nf3 Nd7 8. Nbd2 Bg7 9. Be2 f5 10. 0-0 fxe4 11. Nxe4 Nf6 12. Nxf6+ Bxf6 13. a4 b4 14. Bb5+ Kf8 15. cxb4 Qxb4 16. Rb1 Bf5 17. Rc1 a6 18. Rc4 Qxb2 19. Bc6 Rb8 20. Nh4 Bg6 21. Nxg6+ hxg6 22. Rc2 Qe5 23. g3 Qf5 24. Qe2 Qh3 25. f4 Bd4+ 26. Kh1 Qxg3 27. Qxa6 Kg7 28. Qe2 Rxh2+ 0-1